000 01044nam a22002897a 4500
001 9132
003 FISKH
005 20251124142059.0
008 251124b cb ||||| |||| 00| 0 eng d
020 _a9789350895511
040 _aFISKH
_beng
_cFISKH
_dFISKH
050 _aPZ7
082 _a823
100 _aDelahaye, Gilbert
_eAuthor
245 _aMartine and wilbur the donkey /
_cGilbert Delahaye ; Marcel Marlier
260 _aNew Delhi :
_bDreamland ,
_c2013
300 _a19 pages :
_bcolor illustrations ;
_c28 cm
490 _aMartine
505 _aG
520 _aMartine meets Wilbur, a playful but mischievous donkey. At first, Wilbur causes trouble, but with patience and care, Martine learns how to take care of him. By the end, they become good friends, and Martine discovers the joys of helping and being responsible for an animal.
521 8 _a400
_bLexile estimate
521 8 _aG
_bRaz-Plus
650 _aMartine
_vDonkey
700 _aMarlier, Marcel
_eIllustrator
942 _2ddc
_cBK
_n0
999 _c9132
_d9132